Sports by Letter A - Statistics

General Stats
  • This quiz has been taken 63 times
    48 since last reset
  • The average score is 9 of 16
Answer Stats
Hint Answer % Correct
City that the MLB team Braves are from Atlanta
93%
Sport that requires a bow and arrow Archery
88%
MLB team from Houston Astros
71%
A game where the best players from each league form a team and battle the other league All-Star Game
69%
Shoe brand named after an NBA legend Air Jordan
60%
One of the leagues/conferences in MLB and NFL American
57%
NBA player famous for his brow Anthony Davis
57%
What Jason Pierre-Paul had to do to his finger Amputate it
55%
The Greek Freak Antetokounmpo,Giannis
55%
What NFL players take a knee for Anthem
55%
City where Lebron James was born Akron,Oh
52%
Former NBA star who went by the nickname AI Allen Iverson
52%
Retired MLB player who used steroids in 2013 Alex Rodriguez
50%
MLB player who broke Mark Mcgwire's rookie home run record in 2017 Aaron Judge
31%
A play in NBA and a brand of gym shorts And 1
21%
What the New York Mets raise when they hit a home run Apple
21%
No matching quizzes found
Score Distribution
Percent of People with Each Score
Percentile by Number Answered
Your Score History
You have not taken this quiz since the last reset